[Event "December Tournament 2"]
[Site "SchemingMind.com"]
[Date "2018.01.02"]
[Round "-"]
[White "Robert Bruce"]
[Black "echecs"]
[Result "1-0"]
[WhiteCountry "SCO"]
[BlackCountry "ENG"]
[WhiteElo "2313"]
[WhiteRD "72"]
[BlackElo "1797"]
[BlackRD "72"]
[GameID "422498"]

1. c4 c5 2. Nf3 Nf6 3. Nc3 Nc6 4. d4 cxd4 5. Nxd4 Nxd4 6. Qxd4 e6 7. g3 Be7 8. Bg2 O-O 9. O-O a6 10. Rd1 Qc7
11. Bf4 d6 12. Bxd6 Bxd6 13. Qxd6 Qxc4 14. Rd4 Ne8 15. Qxf8+ Kxf8 16. Rxc4 Rb8 17. Rd4 Ke7 18. Rad1 Nf6 19. Rd8 b5 20. Bc6 b4
21. Ne4 Nd5 22. Re8#
1-0

[Event "December Tournament 2"]
[Site "SchemingMind.com"]
[Date "2017.12.31"]
[Round "-"]
[White "Scooter"]
[Black "Robert Bruce"]
[Result "0-1"]
[WhiteCountry "USA"]
[BlackCountry "SCO"]
[WhiteElo "1671"]
[WhiteRD "51"]
[BlackElo "2328"]
[BlackRD "70"]
[GameID "422499"]

1. e4 c6 2. d4 d5 3. Nc3 dxe4 4. Nxe4 Bf5 5. Ng3 Bg6 6. Nf3 Nd7 7. Bd3 e6 8. O-O Ngf6 9. Bxg6 hxg6 10. Bg5 Be7
11. Re1 c5 12. c3 O-O 13. Ne5 cxd4 14. Qxd4 Nxe5 15. Qxe5 Rc8 16. Bxf6 gxf6 17. Qe2 Qb6 18. Ne4 f5 19. Ng3 Rfd8 20. Rad1 a5
21. Rd2 Rxd2 22. Qxd2 Rd8 23. Qc1 Bf6 24. Kf1 e5 25. b3 Rd3 26. Rd1 e4 27. Rxd3 exd3 28. Qd2 Qd8 29. f3 Bxc3
0-1

[Event "December Tournament 2"]
[Site "SchemingMind.com"]
[Date "2017.12.31"]
[Round "-"]
[White "Robert Bruce"]
[Black "Scooter"]
[Result "1-0"]
[WhiteCountry "SCO"]
[BlackCountry "USA"]
[WhiteElo "2328"]
[WhiteRD "70"]
[BlackElo "1671"]
[BlackRD "51"]
[GameID "422500"]

1. d4 Nf6 2. Nf3 g6 3. Bg5 Bg7 4. Nbd2 O-O 5. c3 d6 6. e4 Bg4 7. Bd3 e5 8. Qb3 Bxf3 9. Nxf3 b6 10. h4 Nbd7
11. h5 Qc8 12. hxg6 hxg6 13. Nh4 Nh7 14. Nxg6 Nxg5 15. Ne7#
1-0

[Event "December Tournament 2"]
[Site "SchemingMind.com"]
[Date "2017.12.31"]
[Round "-"]
[White "kenneth m day"]
[Black "Robert Bruce"]
[Result "0-1"]
[WhiteCountry "USA"]
[BlackCountry "SCO"]
[WhiteElo "1759"]
[WhiteRD "62"]
[BlackElo "2313"]
[BlackRD "72"]
[GameID "422501"]

1. e4 c5 2. d4 cxd4 3. c3 Nf6 4. e5 Nd5 5. Nf3 e6 6. cxd4 b6 7. Bd2 Ba6 8. Be2 Be7 9. O-O O-O 10. Nc3 Bb7
11. Rc1 d6 12. exd6 Bxd6 13. Qc2 Nd7 14. Bd3 Nxc3 15. Bxc3 Bxf3 16. gxf3 Qg5+ 17. Kh1 Qf4 18. Bxh7+ Kh8
0-1

[Event "December Tournament 2"]
[Site "SchemingMind.com"]
[Date "2017.12.31"]
[Round "-"]
[White "Robert Bruce"]
[Black "kenneth m day"]
[Result "1-0"]
[WhiteCountry "SCO"]
[BlackCountry "USA"]
[WhiteElo "2294"]
[WhiteRD "73"]
[BlackElo "1716"]
[BlackRD "59"]
[GameID "422502"]

1. d4 Nf6 2. Nf3 d5 3. c4 e6 4. Nc3 Be7 5. Bf4 O-O 6. e3 dxc4 7. Bxc4 b6 8. O-O Bb7 9. Rc1 Nbd7 10. d5 exd5
11. Nxd5 Nxd5 12. Bxd5 Bxd5 13. Qxd5 Rc8 14. Nd4 Nf6 15. Qb7 Qd5 16. Nc6 Bc5 17. Rxc5 Qxc5 18. b4 Rb8 19. Qxc7 Qb5 20. Nxb8
1-0

[Event "December Tournament 2"]
[Site "SchemingMind.com"]
[Date "2017.12.31"]
[Round "-"]
[White "Robert Bruce"]
[Black "William Lindberg"]
[Result "0-1"]
[WhiteCountry "SCO"]
[BlackCountry "USA"]
[WhiteElo "2313"]
[WhiteRD "72"]
[BlackElo "2414"]
[BlackRD "69"]
[GameID "422503"]

1. c4 e5 2. g3 Nf6 3. Bg2 c6 4. d4 e4 5. Nc3 Bb4 6. Bg5 d5 7. cxd5 cxd5 8. Nh3 Bxc3+ 9. bxc3 Nbd7 10. f3 O-O
11. O-O h6 12. Bf4 Nb6 13. fxe4 Bxh3 14. Bxh3 Nxe4 15. Bf5 Nc4 16. Bxe4 dxe4 17. Qb3 Qd5 18. a4 Rfd8 19. Qb5 b6 20. Qxd5 Rxd5
21. Kg2 Rc8 22. h4 g5 23. Bc1 Kg7 24. Rb1 Nd6 25. hxg5 hxg5 26. Rb3 Kg6 27. Bd2 Ra5 28. Ra1 b5 29. Rbb1 Rxa4 30. g4 Nc4
31. Rxa4 bxa4 32. Bc1 a3 33. d5 Rd8 34. Rb4 a2 35. Ra4 Rxd5 36. Rxa2 Ra5 37. Rxa5 Nxa5 38. Be3 a6 39. c4 Nxc4 40. Bd4 a5
41. Kf2 f5 42. gxf5+ Kxf5 43. Ke1 e3 44. Kd1 g4 45. Ke1 a4 46. Kf1 g3 47. Bg7 a3
0-1

[Event "December Tournament 2"]
[Site "SchemingMind.com"]
[Date "2017.12.31"]
[Round "-"]
[White "William Lindberg"]
[Black "Robert Bruce"]
[Result "1-0"]
[WhiteCountry "USA"]
[BlackCountry "SCO"]
[WhiteElo "2414"]
[WhiteRD "69"]
[BlackElo "2313"]
[BlackRD "72"]
[GameID "422504"]

1. e4 d5 2. exd5 Nf6 3. Nf3 Qxd5 4. d4 Nc6 5. Nc3 Qa5 6. Bd2 a6 7. Bf4 Bg4 8. Be2 O-O-O 9. Ne5 Bxe2 10. Nxc6 Bxd1
11. Nxa5 Bxc2 12. Rc1 Bf5 13. Nb5 Nd5 14. Nxc7 Nxc7 15. Rxc7+ Kb8 16. Rxb7+ Ka8 17. Rb6 Bd3 18. Bc7 Rc8 19. Kd2 Rxc7 20. Kxd3 e6
21. Nc6 Be7 22. b4 Rhc8 23. Rxa6+ Kb7 24. b5 Bd8 25. Rc1 Ra8 26. Na5+ Kb8 27. Rxc7 Bxc7 28. Nc6+ Kb7 29. Rxa8 Kxa8 30. g3 e5
31. Nxe5 f5 32. a4 Bd8 33. Kc4 Be7 34. Nc6 Ba3 35. a5 Kb7 36. a6+ Kc7 37. a7 Kb7 38. b6 Kxc6 39. a8=Q+
1-0

[Event "December Tournament 2"]
[Site "SchemingMind.com"]
[Date "2018.01.01"]
[Round "-"]
[White "Robert Bruce"]
[Black "Wojtek26"]
[Result "1-0"]
[WhiteCountry "SCO"]
[BlackCountry "POL"]
[WhiteElo "2313"]
[WhiteRD "72"]
[BlackElo "1426"]
[BlackRD "54"]
[GameID "422505"]

1. d4 d5 2. Nf3 e6 3. Bg5 Be7 4. Bxe7 Nxe7 5. e3 O-O 6. c4 Nd7 7. cxd5 Nxd5 8. Bc4 N7b6 9. Be2 Qe7 10. O-O c5
11. dxc5 Qxc5 12. Qc1 Qxc1 13. Rxc1 Bd7 14. Nbd2 Rac8 15. Nb3 Ba4 16. Na5 Bc6 17. Ne5 Nb4 18. a3 N4d5 19. Naxc6 bxc6 20. Ba6 Rc7
21. Rxc6 Rxc6 22. Nxc6 Nd7 23. Bb5 N7f6 24. Nxa7 Rb8 25. a4 Ne4 26. Nc6 Nd2 27. Nxb8 Nb4 28. Rd1
1-0

[Event "December Tournament 2"]
[Site "SchemingMind.com"]
[Date "2018.01.02"]
[Round "-"]
[White "Wojtek26"]
[Black "Robert Bruce"]
[Result "0-1"]
[WhiteCountry "POL"]
[BlackCountry "SCO"]
[WhiteElo "1426"]
[WhiteRD "54"]
[BlackElo "2313"]
[BlackRD "72"]
[GameID "422506"]

1. e4 c5 2. Nf3 e6 3. Bc4 Nc6 4. Nc3 a6 5. O-O b5 6. Be2 Bb7 7. d3 Qc7 8. a4 b4 9. Na2 Nf6 10. b3 d5
11. exd5 Nxd5 12. Bb2 Be7 13. Bxg7 Rg8 14. Bb2 Rxg2+ 15. Kxg2 Nf4+ 16. Kh1 Ne5 17. Bxe5 Qxe5 18. Kg1 Qg7+
0-1

[Event "December Tournament 2"]
[Site "SchemingMind.com"]
[Date "2017.12.31"]
[Round "-"]
[White "Robert Bruce"]
[Black "TheHornedReaper "]
[Result "1-0"]
[WhiteCountry "SCO"]
[BlackCountry "ROU"]
[WhiteElo "2295"]
[WhiteRD "72"]
[BlackElo "1246"]
[BlackRD "49"]
[GameID "422507"]

1. f4 d5 2. Nf3 g6 3. e3 Bg7 4. Be2 Nf6 5. O-O O-O 6. d3 c5 7. Nc3 Nc6 8. e4 d4 9. Na4 Nd7 10. c4 dxc3
11. Nxc3 Nd4 12. e5 Nb6 13. Be3 Nxf3+ 14. Bxf3 Qc7 15. a4 Bf5 16. a5 Nc8 17. a6 Rb8 18. axb7 Nb6 19. Rxa7 Rfd8 20. Qa1
1-0

[Event "December Tournament 2"]
[Site "SchemingMind.com"]
[Date "2017.12.31"]
[Round "-"]
[White "TheHornedReaper "]
[Black "Robert Bruce"]
[Result "0-1"]
[WhiteCountry "ROU"]
[BlackCountry "SCO"]
[WhiteElo "1246"]
[WhiteRD "49"]
[BlackElo "2295"]
[BlackRD "72"]
[GameID "422508"]

1. e4 Nf6 2. e5 Nd5 3. d4 d6 4. c4 Nb6 5. f4 g6 6. Nc3 Bg7 7. Be3 Be6 8. b3 dxe5 9. fxe5 Nc6 10. Nf3 O-O
11. d5 Nxe5 12. Rc1 Bf5 13. Nxe5 Bxe5 14. Be2 e6 15. O-O Qh4 16. g3 Bxg3 17. hxg3 Qxg3+ 18. Kh1 Qh3+ 19. Kg1 Qxe3+ 20. Rf2 exd5
0-1